Undertale General Knowledge 3 - Statistics

General Stats
  • This quiz has been taken 241 times
  • The average score is 13 of 15
Answer Stats
Hint Answer % Correct
Who guides you through the Ruins? Toriel
99%
Who is the Captain of the Royal Guard? Undyne
99%
Who is the ex-husband of the above? Asgore
98%
What is Asgore and Toriel's son's name? Asriel
98%
What is Asriel's name in flower form? Flowey
98%
Who are the skeleton bros? Sans and Papyrus
96%
Who has a crush on the above? Alphys
94%
Who was created by the above? Mettaton
94%
Who sells Spider Cider? Muffet
94%
Who likes to lie on the ground? Napstablook
93%
Glamburger! Burgerpants
75%
Who is the raged cousin of Napstablook? Mad Dummy
75%
What is the name of Mettaton EX's battle theme in the genocide route? Power of NEO
65%
Who is the dog who uses a blue sword to attack? Doggo
63%
What are Dogamy and Dogaressa called together? Dogi
36%
No matching quizzes found
Score Distribution
Percent of People with Each Score
Percentile by Number Answered
Your Score History
You have not taken this quiz